00454nam a2200133Ia 4500008004100000100002200041245006600063245003500129260005300164260001900217300000800236650001500244856006100259170221s9999 xx 000 0 und d aAhmad Ali Harasis 2aA Review of Theories Relevant to E-banking Usage Continuance  cAhmad Ali Harasis, Amran Rasli bInternational Review of Management and Marketing cSeptember 2016 a5:3 xMarketing. uhttp://www.econjournals.com/index.php/irmm/issue/view/77